| 000 | 01089nam a22003131i 4500 | ||
|---|---|---|---|
| 001 | 20768 | ||
| 003 | VRT | ||
| 005 | 20260131123146.0 | ||
| 008 | 240130s1984 xo r 000 slo d | ||
| 020 | _c31,-Kčs | ||
| 035 | _a(SVKBBclas03)vtls000165387 | ||
| 039 | 9 |
_a202405030956 _bAUTHORITY _c202405030956 _dAUTHORITY _c202401301107 _dVLOAD _c201909041309 _dcsnk20 |
|
| 040 |
_aSVKBB _bslo _cSVKBB _eAACR2 |
||
| 041 | 1 |
_aslo _hfre |
|
| 044 |
_axo _cSK |
||
| 080 | _a808-3=850 | ||
| 100 | 1 |
_aSimenon, Georges, _d1903-1989 _eaut. |
|
| 245 | 1 |
_a3x Maigret _cGeorges Simenon; z franc. orig. prel. Jozef Mruškovič, Terézia Černá, Mária Gálová |
|
| 250 | _a1. vyd. | ||
| 260 |
_aBratislava _bSlovenské pedagogické nakladateľstvo _c1984 |
||
| 300 | _a357 s. | ||
| 650 | 0 | 7 |
_aromány francúzske _2hŠVKBB |
| 650 | 0 | 7 |
_aromány detektívne. _2hŠVKBBB |
| 700 | 1 |
_aMruškovič, Jozef, _eprekl. |
|
| 700 | 1 |
_aČerná, Terézia, _d1927-, _eprekl. |
|
| 700 | 1 |
_aGálová, Mária, _d1949-, _eprekl. |
|
| 942 |
_2ddc _cKLDO _n0 |
||
| 949 |
_6270001000209290 _asvkbbA 40761 _bsvkbbm 442231 _p442.231 |
||
| 999 |
_c20768 _d20768 |
||